[Event "XII Weekend A"]
[Site "Nichelino ITA"]
[Date "2011.10.06"]
[Round "1"]
[White "Barcellona, Antonino"]
[Black "Anton, Marian"]
[Result "1-0"]
[WhiteElo "1839"]
[BlackElo "1488"]
[PlyCount "87"]
[EventDate "2011.10.06"]

1. e4 c5 2. c3 e6 3. d4 d5 4. e5 c4 5. Nf3 f6 6. Be2 Be7 7. O-O Nc6 8. b3 b5 9.
a4 Na5 10. bxc4 bxc4 11. Nbd2 Rb8 12. Nh4 fxe5 13. dxe5 Bxh4 14. Bh5+ g6 15.
Bg4 h5 16. Bh3 Be7 17. Qc2 Rh6 18. Nf3 g5 19. g4 Nb3 20. Rb1 h4 21. Be3 Bd7 22.
Nd4 Bxa4 23. Qa2 Qd7 24. f4 gxf4 25. Bxf4 Rg6 26. Qc2 Rg7 27. Qf2 Rf7 28. g5
Bc5 29. Qxh4 Rh7 30. Qg3 Nxd4 31. Rxb8+ Ke7 32. cxd4 Bxd4+ 33. Kh1 Rg7 34. g6
Qc7 35. Rfb1 Bb3 36. Bg5+ Kd7 37. Rd8+ Kc6 38. Bxe6 Rxg6 39. Rc8 Rxe6 40. Rxc7+
Kxc7 41. Bd8+ Kxd8 42. Qxg8+ Re8 43. Qxd5+ Kc8 44. Qxd4 1-0

[Event "XII Weekend A"]
[Site "Nichelino ITA"]
[Date "2011.10.06"]
[Round "1"]
[White "Biancotti, Alessandro"]
[Black "Salerno, Carmine"]
[Result "1-0"]
[WhiteElo "1906"]
[BlackElo "1666"]
[PlyCount "135"]
[EventDate "2011.10.06"]

1. e4 c5 2. Nf3 Nc6 3. Nc3 e6 4. d4 cxd4 5. Nxd4 Bb4 6. Ndb5 d5 7. exd5 exd5 8.
Qxd5 Bxc3+ 9. Nxc3 Qe7+ 10. Be3 Nf6 11. Qd2 O-O 12. Bc4 Bf5 13. O-O Rad8 14.
Qe2 a6 15. Rad1 Nb4 16. Bb3 Ne4 17. Nxe4 Qxe4 18. Rxd8 Rxd8 19. Rd1 Rxd1+ 20.
Qxd1 Qe7 21. h3 Qc7 22. c3 Nd3 23. Qd2 Ne5 24. Bf4 Qd7 25. Qxd7 Nxd7 26. Bd5
Nc5 27. Bd6 Nd3 28. b4 Bc8 29. Kf1 b5 30. Ke2 Nb2 31. g4 h6 32. Bc5 Be6 33.
Bxe6 fxe6 34. Ke3 g5 35. Ke4 Kf7 36. Ke5 Nc4+ 37. Ke4 Kf6 38. f4 Nd2+ 39. Ke3
Nc4+ 40. Kf3 Nd2+ 41. Ke2 Nc4 42. Be3 gxf4 43. Bxf4 Kg6 44. Kd3 e5 45. Bc1 h5
46. Ke4 hxg4 47. hxg4 Kf6 48. Kd5 Ke7 49. Kc5 e4 50. Kd4 Nd6 51. Bf4 Nc4 52.
Kxe4 Ke6 53. Kd4 Nb6 54. Kc5 Nd5 55. Bd2 Nf6 56. Kb6 Nxg4 57. Kxa6 Kd5 58. Kxb5
Ne5 59. a4 Nc4 60. Be1 Nd6+ 61. Kb6 Nc4+ 62. Kc7 Ke5 63. a5 Kd5 64. a6 Na3 65.
a7 Nb5+ 66. Kb8 Nxa7 67. Kxa7 Kc4 68. Ka6 1-0

[Event "XII Weekend A"]
[Site "Nichelino ITA"]
[Date "2011.10.06"]
[Round "1"]
[White "Bisi, Riccardo"]
[Black "Marguati, Massimiano"]
[Result "1-0"]
[WhiteElo "1704"]
[BlackElo "1947"]
[PlyCount "119"]
[EventDate "2011.10.06"]

1. e4 e5 2. Nf3 Nc6 3. Bc4 Nf6 4. d3 d6 5. h3 Na5 6. Bb3 c6 7. Bg5 Be7 8. Nbd2
O-O 9. O-O Qc7 10. c3 Nxb3 11. axb3 Be6 12. Re1 Rae8 13. Rxa7 h6 14. Bh4 Nh7
15. Bg3 f5 16. exf5 Bxf5 17. Nc4 Ng5 18. Nxg5 Bxg5 19. d4 Qb8 20. Ra1 b5 21.
Ne3 Bg6 22. dxe5 dxe5 23. Qd7 Qb6 24. Qd6 Rf6 25. Qb4 Rf7 26. Nc4 c5 27. Nxb6
cxb4 28. Rxe5 Rxe5 29. Bxe5 Bc2 30. Ra5 bxc3 31. Bxc3 b4 32. Bxb4 Bxb3 33. Bc3
Kh8 34. Rb5 Be6 35. Re5 Bb3 36. Re4 Bd8 37. Nc4 Bc7 38. Ne3 Bd6 39. Rg4 Be6 40.
Rd4 Bc5 41. Re4 Bb3 42. Re5 Bd6 43. Rf5 Ra7 44. g4 Be6 45. Rb5 Bd7 46. Rd5 Bf4
47. Rd4 Bg5 48. Rd1 Bc6 49. Nf5 Bf3 50. Re1 Bf6 51. Bxf6 gxf6 52. Re7 Rxe7 53.
Nxe7 h5 54. gxh5 Bxh5 55. b4 Be8 56. Nd5 Kg7 57. Nc7 Bd7 58. b5 Bxh3 59. b6 Bc8
60. Ne6+ 1-0

[Event "XII Weekend A"]
[Site "Nichelino ITA"]
[Date "2011.10.06"]
[Round "1"]
[White "Bonino, Matteo"]
[Black "Yao, Stefano"]
[Result "1-0"]
[WhiteElo "1851"]
[BlackElo "1635"]
[PlyCount "63"]
[EventDate "2011.10.06"]

1. d4 d5 2. Bf4 Nf6 3. e3 c5 4. c3 Nc6 5. Nf3 Qb6 6. Qb3 c4 7. Qxb6 axb6 8. Na3
Bf5 9. Nb5 Kd7 10. Ne5+ Nxe5 11. dxe5 Ne4 12. Nd4 g6 13. g4 Be6 14. a3 Bg7 15.
Rd1 g5 16. Nxe6 Kxe6 17. Bg3 Bxe5 18. f4 gxf4 19. exf4 Nxg3 20. hxg3 Bd6 21.
Bg2 Ra5 22. Rh5 d4 23. Rh6+ Kd7 24. Rxd4 Rc5 25. Rd2 Rg8 26. g5 Rg7 27. Bxb7 e6
28. Be4 Ke7 29. Bxh7 Ra5 30. Be4 Bc7 31. Bc6 Bd6 32. Rh8 1-0

[Event "XII Weekend A"]
[Site "Nichelino ITA"]
[Date "2011.10.06"]
[Round "1"]
[White "Cacinschi, Alexandru"]
[Black "Drago, Paolo"]
[Result "1-0"]
[WhiteElo "1989"]
[BlackElo "1735"]
[PlyCount "59"]
[EventDate "2011.10.06"]

1. d4 d5 2. c4 e6 3. Nf3 Nf6 4. g3 Nbd7 5. Bg2 Be7 6. O-O O-O 7. Qc2 c5 8. cxd5
Nxd5 9. Rd1 Qb6 10. a3 cxd4 11. Nxd4 N7f6 12. e4 Bc5 13. Nf3 Nc7 14. Nc3 Ng4
15. Rd2 Qc6 16. h3 Nf6 17. Ne5 Qa6 18. Bf1 b5 19. Nxb5 Bxf2+ 20. Rxf2 Nxb5 21.
Qc5 Rb8 22. Nc6 Rb6 23. Ne7+ Kh8 24. Ng6+ hxg6 25. Qxf8+ Kh7 26. Rxf6 gxf6 27.
Qxf7+ Kh8 28. Qxf6+ Kh7 29. Qf7+ Kh8 30. Bf4 1-0

[Event "XII Weekend A"]
[Site "Nichelino ITA"]
[Date "2011.10.06"]
[Round "1"]
[White "D'Agostino, Maurizio"]
[Black "Combina, Gabriele"]
[Result "1-0"]
[WhiteElo "2052"]
[BlackElo "1756"]
[PlyCount "53"]
[EventDate "2011.10.06"]

1. d4 f5 2. Nc3 e6 3. h3 Nf6 4. g4 fxg4 5. hxg4 d5 6. g5 Nfd7 7. Qd3 g6 8. e4
Nb6 9. Bg2 Be7 10. Nf3 Nc6 11. a3 a5 12. Be3 Nc4 13. O-O-O b5 14. exd5 exd5 15.
Nh4 b4 16. Bxd5 Nxe3 17. Bxc6+ Bd7 18. Bxd7+ Qxd7 19. Qxe3 bxc3 20. Nxg6 cxb2+
21. Kb1 Rg8 22. Nxe7 Qxe7 23. Qd3 Qxg5 24. Qe4+ Kf7 25. Rxh7+ Kf6 26. Qc6+ Kf5
27. Rf7+ 1-0

[Event "XII Weekend A"]
[Site "Nichelino ITA"]
[Date "2011.10.06"]
[Round "1"]
[White "Davter, Mauro"]
[Black "Bisi, Samuele"]
[Result "0-1"]
[WhiteElo "1744"]
[BlackElo "1998"]
[PlyCount "60"]
[EventDate "2011.10.06"]

1. Nf3 Nf6 2. c4 e6 3. Nc3 c5 4. g3 Nc6 5. Bg2 Be7 6. O-O O-O 7. d4 cxd4 8.
Nxd4 d5 9. cxd5 exd5 10. h3 Re8 11. Be3 Be6 12. Rc1 Qd7 13. Kh2 h5 14. Bf4 h4
15. e3 Nh7 16. Ncb5 g5 17. Nxe6 fxe6 18. Qg4 Kh8 19. Bxd5 Qxd5 20. Nc7 Qxa2 21.
Nxe6 Bf6 22. Nxg5 hxg3+ 23. Qxg3 Bxg5 24. Bxg5 Qd5 25. Qc7 Nxg5 26. Rcd1 Nf3+
27. Kh1 Qe4 28. Rd6 Nh4+ 29. f3 Qxe3 30. Rh6+ Qxh6 0-1

[Event "XII Weekend A"]
[Site "Nichelino ITA"]
[Date "2011.10.06"]
[Round "1"]
[White "De Renzi, Giuseppe"]
[Black "Crepaldi, Manuele"]
[Result "1-0"]
[WhiteElo "1529"]
[BlackElo "1842"]
[PlyCount "71"]
[EventDate "2011.10.06"]

1. Nf3 c5 2. g3 d5 3. Bg2 Nc6 4. c3 e5 5. d3 Nf6 6. Nbd2 Bf5 7. O-O e4 8. dxe4
dxe4 9. Nh4 Qd5 10. Nxf5 Qxf5 11. Qa4 Be7 12. Nxe4 O-O 13. Nxf6+ Qxf6 14. Qf4
Qe6 15. Qe3 Qd7 16. Bxc6 bxc6 17. Qe4 Rfe8 18. Qc4 Qd5 19. Qg4 f5 20. Qa4 Qe5
21. Be3 g5 22. Rad1 Rad8 23. Qc4+ Rd5 24. Bc1 Kg7 25. f4 Qd6 26. Rxd5 cxd5 27.
Qa4 Rf8 28. fxg5 Kg6 29. Bf4 Qe6 30. e3 Bxg5 31. Bxg5 Kxg5 32. Qf4+ Kg6 33. h4
h6 34. g4 Rf6 35. gxf5+ Qxf5 36. Qg3+ 1-0

[Event "XII Weekend A"]
[Site "Nichelino ITA"]
[Date "2011.10.06"]
[Round "1"]
[White "Gallucci, Alessio"]
[Black "Cirrincione Paze', Paolo"]
[Result "1-0"]
[WhiteElo "2227"]
[BlackElo "1826"]
[PlyCount "45"]
[EventDate "2011.10.06"]

1. d4 f5 2. Nc3 d5 3. Nf3 Nf6 4. Bf4 e6 5. Ne5 Be7 6. h3 Ne4 7. Nxe4 fxe4 8. e3
O-O 9. Qg4 Nc6 10. f3 Nxe5 11. Bxe5 Bf6 12. O-O-O Bxe5 13. dxe5 Rf5 14. h4 Rxe5
15. fxe4 Qf6 16. Bd3 h5 17. Qf3 b6 18. Rhf1 Qxf3 19. gxf3 dxe4 20. Bxe4 Rb8 21.
Rd8+ Kf7 22. Rfd1 Ke7 23. Rh8 1-0

[Event "XII Weekend A"]
[Site "Nichelino ITA"]
[Date "2011.10.06"]
[Round "1"]
[White "Gussone, Claudio"]
[Black "Moncelli, Giorgio"]
[Result "0-1"]
[WhiteElo "1785"]
[BlackElo "2081"]
[PlyCount "52"]
[EventDate "2011.10.06"]

1. e4 Nf6 2. Nc3 d6 3. d4 g6 4. f4 Bg7 5. Nf3 O-O 6. h3 c5 7. Be3 cxd4 8. Nxd4
Nc6 9. Be2 Bd7 10. Qd2 Rc8 11. Bf3 a6 12. O-O b5 13. Qf2 Na5 14. Ne6 Bxe6 15.
Bb6 Qd7 16. Bxa5 Rc4 17. Rfe1 b4 18. Nd1 Qb5 19. Bb6 Nd7 20. Be3 Qb8 21. a3 Nf6
22. Ba7 Qc7 23. Re2 Rc8 24. axb4 Rxb4 25. c3 Rb3 26. Ne3 Qxa7 0-1

[Event "XII Weekend A"]
[Site "Nichelino ITA"]
[Date "2011.10.06"]
[Round "1"]
[White "Lombardi, Mariano"]
[Black "Guerra, Mirko"]
[Result "1-0"]
[WhiteElo "2061"]
[BlackElo "1784"]
[PlyCount "91"]
[EventDate "2011.10.06"]

1. e4 c5 2. Nf3 d6 3. c3 Nf6 4. h3 Nc6 5. Bd3 e6 6. O-O Be7 7. Bc2 O-O 8. d4
cxd4 9. cxd4 Qc7 10. Nc3 a6 11. Bf4 e5 12. dxe5 dxe5 13. Bh2 Bd6 14. Rc1 Qd8
15. Qe2 Be6 16. Rfd1 Qb8 17. Nd5 Nd7 18. Ne3 b5 19. Nf5 Bc5 20. Bb1 Qb6 21. Qc2
Bxf5 22. exf5 Nd4 23. Nxd4 Bxd4 24. Bg3 Rad8 25. Bh4 f6 26. a3 Kh8 27. Ba2 b4
28. axb4 Qxb4 29. Rd2 Qc5 30. Qd1 Qb6 31. Bc4 Nc5 32. Qe2 a5 33. b3 Nxb3 34.
Rb1 a4 35. Ra2 Qb4 36. Be6 Qc3 37. Rxa4 Nc5 38. Rc4 Qa3 39. Rbc1 Nb3 40. R1c2
Qa1+ 41. Kh2 Qa8 42. Rc7 Bb6 43. Bxb3 Bxc7 44. Rxc7 Qb8 45. Qc2 e4 46. Bg3 1-0

[Event "XII Weekend A"]
[Site "Nichelino ITA"]
[Date "2011.10.06"]
[Round "1"]
[White "Macario, Marco"]
[Black "Pulito, Alberto"]
[Result "0-1"]
[WhiteElo "1829"]
[BlackElo "2267"]
[PlyCount "60"]
[EventDate "2011.10.06"]

1. e4 e6 2. d4 d5 3. Nd2 Be7 4. Ngf3 Nf6 5. Bd3 c5 6. c3 Nc6 7. e5 Nd7 8. O-O
g5 9. h3 h5 10. g4 hxg4 11. hxg4 Qb6 12. Qb3 Qc7 13. Qc2 b6 14. a3 Bb7 15. Nh2
O-O-O 16. Ndf3 f6 17. exf6 Bd6 18. Nxg5 Bxh2+ 19. Kg2 c4 20. Bg6 Nf8 21. Bh5
Bf4 22. Nxe6 Nxe6 23. Qf5 Kb8 24. Qxe6 Bc8 25. Bxf4 Qxf4 26. Qe3 Qxf6 27. Qg3+
Kb7 28. Rae1 Rdg8 29. Rh1 Rxh5 30. Rxh5 Rxg4 0-1

[Event "XII Weekend A"]
[Site "Nichelino ITA"]
[Date "2011.10.06"]
[Round "1"]
[White "Manunta, Andrea"]
[Black "Davi, Alessandro"]
[Result "0-1"]
[WhiteElo "1770"]
[BlackElo "2057"]
[PlyCount "132"]
[EventDate "2011.10.06"]

1. d4 d5 2. c4 c6 3. Nf3 Nf6 4. e3 e6 5. Nc3 Nbd7 6. Bd3 Be7 7. O-O O-O 8. b3
b6 9. Bb2 Bb7 10. Qc2 Rc8 11. Ne5 c5 12. Nxd7 Qxd7 13. Rad1 cxd4 14. exd4 g6
15. Qe2 Rfd8 16. Ba1 Nh5 17. Qe3 Bd6 18. cxd5 exd5 19. g3 Qh3 20. Rfe1 Nf6 21.
Bf1 Qh5 22. h3 Bb4 23. Qf4 Ne4 24. g4 Qh4 25. Rxe4 dxe4 26. Nxe4 Bxe4 27. Qxe4
Re8 28. Qf4 Qe7 29. d5 Bd6 30. Qd2 Qe4 31. Qd4 Qxd4 32. Bxd4 Re4 33. Be3 f6 34.
Bd3 Re7 35. Bc4 Kg7 36. a4 Rd8 37. Rd3 Bc5 38. Bxc5 bxc5 39. Rd2 a5 40. Bb5 Rd6
41. Bc4 Re4 42. f3 Re5 43. Kf2 Kf7 44. f4 Re7 45. Bb5 Re4 46. Kf3 f5 47. Bc4
Ke7 48. Bb5 Rd8 49. Bc6 Kd6 50. Bb5 Rf8 51. g5 Rf7 52. Bc4 Rfe7 53. Re2 Rxe2
54. Bxe2 Kxd5 55. Bc4+ Kd4 56. Kg3 Rb7 57. h4 Kc3 58. Bg8 Kb2 59. h5 Rxb3+ 60.
Kf2 Rb7 61. hxg6 hxg6 62. Bc4 Kc3 63. Bb5 Re7 64. Be2 c4 65. Ke1 Kb2 66. Kf1
Rxe2 0-1

[Event "XII Weekend A"]
[Site "Nichelino ITA"]
[Date "2011.10.06"]
[Round "1"]
[White "Martin, Tiziano"]
[Black "Calzolari, Marco"]
[Result "1-0"]
[WhiteElo "1948"]
[BlackElo "1711"]
[PlyCount "107"]
[EventDate "2011.10.06"]

1. d4 Nf6 2. Nf3 e6 3. Nbd2 d5 4. e3 c5 5. c3 Nc6 6. Bd3 cxd4 7. exd4 Bd6 8.
O-O O-O 9. Re1 Qc7 10. Qe2 Re8 11. Ne5 a6 12. f4 g6 13. Ndf3 Bf8 14. Ng5 Nd8
15. Rf1 Qe7 16. Bd2 b5 17. a4 bxa4 18. Rxa4 Qb7 19. b4 Nd7 20. Nxh7 Kxh7 21.
Qh5+ Kg7 22. Bxg6 Nf6 23. Qg5 fxg6 24. Qxg6+ Kh8 25. Qxf6+ Qg7 26. Qxg7+ Bxg7
27. b5 Bxe5 28. fxe5 Bd7 29. Rxa6 Rxa6 30. bxa6 Bb5 31. Ra1 Nc6 32. a7 Ra8 33.
Kf2 Rxa7 34. Rxa7 Nxa7 35. Ke3 Kg7 36. Kf4 Nc8 37. Kg5 Ne7 38. g4 Bd3 39. h4
Bh7 40. h5 Ng8 41. Kh4 Kf7 42. g5 Kg7 43. Bc1 Bf5 44. Ba3 Kh7 45. Bf8 Be4 46.
Kg3 Bf5 47. Kf4 Be4 48. c4 Bg6 49. hxg6+ Kxg6 50. c5 Kf7 51. Bd6 Ke8 52. c6 Kd8
53. Kg4 Ke8 54. Kh5 1-0

[Event "XII Weekend A"]
[Site "Nichelino ITA"]
[Date "2011.10.06"]
[Round "1"]
[White "Negro, Francesco P."]
[Black "Angelini, Marco"]
[Result "0-1"]
[WhiteElo "1823"]
[BlackElo "2200"]
[PlyCount "36"]
[EventDate "2011.10.06"]

1. e4 c5 2. Nf3 d6 3. d4 cxd4 4. c3 Nf6 5. Bc4 Nxe4 6. O-O e6 7. Qe2 d5 8. Rd1
Be7 9. Nxd4 Bd7 10. Bf4 Nc6 11. Nb5 O-O 12. Bd3 Nf6 13. Nd2 a6 14. Bc7 Qc8 15.
Bf4 axb5 16. g4 e5 17. g5 exf4 18. gxf6 Bxf6 0-1

[Event "XII Weekend A"]
[Site "Nichelino ITA"]
[Date "2011.10.06"]
[Round "1"]
[White "Raccanello, Ivano"]
[Black "Finocchiaro, Gianluca"]
[Result "0-1"]
[WhiteElo "1799"]
[BlackElo "2108"]
[PlyCount "68"]
[EventDate "2011.10.06"]

1. d4 Nf6 2. c4 c5 3. d5 b5 4. Nf3 d6 5. Qc2 g6 6. e4 b4 7. Be2 Bg7 8. O-O O-O
9. Nbd2 Nbd7 10. h3 a5 11. a4 Nb6 12. Rb1 Bd7 13. b3 Nh5 14. Ne1 Nf4 15. Ndf3
Nxe2+ 16. Qxe2 f5 17. e5 dxe5 18. Nxe5 f4 19. N1d3 Qc7 20. Nxd7 Nxd7 21. Qe6+
Kh8 22. Bxf4 Rxf4 23. Nxf4 Rf8 24. Nd3 Bd4 25. Qxe7 Qg3 26. Rbd1 Qc7 27. d6 Qc6
28. Rfe1 Bf6 29. Qe6 Bd4 30. Ne5 Nxe5 31. Rxe5 Rxf2 32. Qe8+ Rf8+ 33. Rxd4 Rxe8
34. d7 34... Rd8 $138 0-1

[Event "XII Weekend A"]
[Site "Nichelino ITA"]
[Date "2011.10.06"]
[Round "1"]
[White "Ravazzolo, Gaia"]
[Black "Di Chiara, Mauro"]
[Result "0-1"]
[WhiteElo "1732"]
[BlackElo "1966"]
[PlyCount "78"]
[EventDate "2011.10.06"]

1. d4 d6 2. c4 g6 3. Nc3 Bg7 4. e4 Nf6 5. f3 O-O 6. Be3 Nc6 7. Bd3 e5 8. d5 Nd4
9. Nge2 Nh5 10. Bc2 c5 11. dxc6 Nxc2+ 12. Qxc2 bxc6 13. g4 Nf6 14. Rd1 Qe7 15.
h4 h5 16. gxh5 Nxh5 17. Qd2 Rd8 18. c5 Bf6 19. Bg5 Bxg5 20. hxg5 d5 21. exd5
Qxc5 22. d6 Bf5 23. Ne4 Bxe4 24. fxe4 Rab8 25. Rf1 Qb4 26. Qxb4 Rxb4 27. Rf3
Rxe4 28. Kf2 Rb4 29. Rd2 Ng7 30. Rc3 Rb6 31. Rc5 Nf5 32. d7 e4 33. Ke1 e3 34.
Rd3 Rb7 35. Rxc6 Rdxd7 36. Rxd7 Rxd7 37. Rc2 Nh4 38. Nc3 Nf3+ 39. Ke2 Nd4+ 0-1

[Event "XII Weekend A"]
[Site "Nichelino ITA"]
[Date "2011.10.06"]
[Round "1"]
[White "Revello, Beatrice"]
[Black "Guarneri, Giuseppe"]
[Result "1/2-1/2"]
[WhiteElo "1655"]
[BlackElo "1853"]
[PlyCount "83"]
[EventDate "2011.10.06"]

1. d4 c5 2. e3 d5 3. b3 Nc6 4. Bb2 f6 5. Nf3 Bg4 6. Be2 e6 7. Nbd2 Bd6 8. c4
Nge7 9. Rc1 b6 10. cxd5 exd5 11. O-O O-O 12. Re1 Kh8 13. Nf1 Qd7 14. dxc5 bxc5
15. Ba3 Nb4 16. Bxb4 cxb4 17. Nd4 Bxe2 18. Rxe2 Rfc8 19. Rec2 Rxc2 20. Rxc2 Rc8
21. Rxc8+ Qxc8 22. Qc2 Qxc2 23. Nxc2 Nc6 24. Nd2 Ne5 25. Nd4 Nd3 26. Ne2 Be5
27. Nf3 Bc3 28. Kf1 Kg8 29. Nxc3 bxc3 30. Nd4 Nb4 31. Ke2 Nxa2 32. Kd3 Kf7 33.
Nb5 a5 34. Nxc3 Nb4+ 35. Kd4 Ke6 36. Nb5 g6 37. Nc7+ Kd6 38. Ne8+ Ke6 39. Nc7+
Kd6 40. Ne8+ Ke7 41. Nc7 Kd6 42. Ne8+ 1/2-1/2

[Event "XII Weekend A"]
[Site "Nichelino ITA"]
[Date "2011.10.06"]
[Round "1"]
[White "Topczewski, Damian"]
[Black "Benenati, Gianfranco"]
[Result "1-0"]
[WhiteElo "2189"]
[BlackElo "1800"]
[PlyCount "123"]
[EventDate "2011.10.06"]

1. e4 c5 2. Nf3 Nc6 3. Bb5 d6 4. Bxc6+ bxc6 5. O-O e5 6. d3 Nf6 7. Bg5 Be7 8.
Nc3 Bg4 9. h3 Bh5 10. Rb1 O-O 11. Kh1 h6 12. Bd2 Nh7 13. g4 Bg6 14. Rg1 Ng5 15.
Nxg5 Bxg5 16. Ne2 Qf6 17. Bxg5 Qxg5 18. Ng3 Qf6 19. Rg2 Rfd8 20. Qe2 Rab8 21.
b3 a5 22. Rf1 Kh8 23. Rh2 d5 24. f3 dxe4 25. fxe4 Qe7 26. Qf2 f6 27. h4 a4 28.
Qe3 axb3 29. axb3 Qd6 30. g5 Qd4 31. Qc1 Kh7 32. h5 Bxe4+ 33. Nxe4 fxg5 34.
Rff2 Rf8 35. Qf1 Rf4 36. Rxf4 exf4 37. Qf2 Qd7 38. Qf3 Qf5 39. Nd6 Qd5 40. Qe4+
Kg8 41. Qxd5+ cxd5 42. Re2 Kf8 43. Re5 f3 44. Kg1 g4 45. Kf2 c4 46. dxc4 dxc4
47. Nxc4 Kf7 48. Ne3 Rc8 49. b4 Rd8 50. Rd5 Re8 51. Nxg4 Re2+ 52. Kxf3 Rxc2 53.
Rd7+ Kf8 54. Rb7 Rc6 55. Kf4 g6 56. hxg6 Rxg6 57. b5 h5 58. Ne5 Rg8 59. b6 h4
60. Rh7 Rg1 61. b7 Kg8 62. Rc7 1-0

[Event "XII Weekend A"]
[Site "Nichelino ITA"]
[Date "2011.10.07"]
[Round "2"]
[White "Angelini, Marco"]
[Black "Cacinschi, Alexandru"]
[Result "1/2-1/2"]
[WhiteElo "2200"]
[BlackElo "1989"]
[PlyCount "78"]
[EventDate "2011.10.06"]

1. e4 e6 2. d4 d5 3. Nc3 Bb4 4. exd5 exd5 5. Bd3 Nf6 6. Bg5 Be7 7. h3 c6 8. Nf3
Nbd7 9. O-O O-O 10. Re1 Re8 11. Qd2 Nf8 12. Re2 Ne6 13. Bh4 Nh5 14. Bxe7 Qxe7
15. Rae1 Qf6 16. Re5 g6 17. Nh2 Qf4 18. Qxf4 Nhxf4 19. Bf1 Bd7 20. Nf3 Nh5 21.
Nd1 Nf6 22. R5e3 Ng7 23. Ne5 Be6 24. g4 Nd7 25. f4 f6 26. Nxd7 Bxd7 27. Rxe8+
Rxe8 28. Rxe8+ Bxe8 29. Kf2 Kf7 30. Ke3 Ke7 31. Nf2 Kd6 32. c3 Bd7 33. Bd3 b6
34. h4 Bc8 35. Kf3 Bd7 36. g5 fxg5 37. hxg5 Bf5 38. Bxf5 Nxf5 39. Ng4 Ke6
1/2-1/2

[Event "XII Weekend A"]
[Site "Nichelino ITA"]
[Date "2011.10.07"]
[Round "2"]
[White "Barcellona, Antonino"]
[Black "Lombardi, Mariano"]
[Result "0-1"]
[WhiteElo "1839"]
[BlackElo "2061"]
[PlyCount "44"]
[EventDate "2011.10.06"]

1. e4 Nf6 2. e5 Nd5 3. c4 Nb6 4. d4 d5 5. exd6 cxd6 6. Nf3 g6 7. Be2 Bg7 8. O-O
O-O 9. b3 Nc6 10. Bb2 d5 11. c5 Nd7 12. Nbd2 Nxc5 13. Ba3 Ne6 14. Re1 Nexd4 15.
Nxd4 Bxd4 16. Rc1 Qa5 17. Rxc6 bxc6 18. Bxe7 Re8 19. b4 Qb6 20. Bh4 Qxb4 21.
Nb3 Bc3 22. Rf1 Qxh4 0-1

[Event "XII Weekend A"]
[Site "Nichelino ITA"]
[Date "2011.10.07"]
[Round "2"]
[White "Benenati, Gianfranco"]
[Black "Davter, Mauro"]
[Result "1-0"]
[WhiteElo "1800"]
[BlackElo "1744"]
[PlyCount "101"]
[EventDate "2011.10.06"]

1. e4 c5 2. Nf3 Nc6 3. d4 cxd4 4. Nxd4 e5 5. Nf3 Nf6 6. Bd3 Bc5 7. Nc3 O-O 8.
O-O d6 9. h3 Be6 10. Na4 Qc7 11. Nxc5 dxc5 12. Be3 b6 13. Qe2 Rad8 14. Bg5 Qe7
15. c3 h6 16. Bh4 Rd6 17. Bb5 Bc8 18. Nh2 g5 19. Bg3 Nb8 20. Nf3 Nfd7 21. Rad1
a6 22. Rxd6 Qxd6 23. Rd1 Qe7 24. Ba4 b5 25. Bc2 Nc6 26. a4 c4 27. b4 f6 28. Nh2
Nd8 29. axb5 axb5 30. Rd5 Ba6 31. Qd2 Nb6 32. Rd6 Qc7 33. Qd1 Nb7 34. Rd2 Rd8
35. Ng4 Kg7 36. Ne3 Nd6 37. Nf5+ Nxf5 38. Rxd8 Ne7 39. Rd2 Ng6 40. Qg4 Bc8 41.
Qd1 Ne7 42. f3 Be6 43. Bf2 Nd7 44. Rd6 Kf7 45. f4 Nf8 46. fxe5 fxe5 47. Bc5 Nd7
48. Qh5+ Ng6 49. Rxe6 Kxe6 50. Qxg6+ Nf6 51. Bd1 1-0

[Event "XII Weekend A"]
[Site "Nichelino ITA"]
[Date "2011.10.07"]
[Round "2"]
[White "Berutti, Mario"]
[Black "Ravazzolo, Gaia"]
[Result "1-0"]
[WhiteElo "1786"]
[BlackElo "1732"]
[PlyCount "59"]
[EventDate "2011.10.06"]

1. e4 c6 2. d4 d5 3. exd5 cxd5 4. Bd3 Nc6 5. c3 Nf6 6. Nf3 Bg4 7. O-O e6 8. Bg5
Bd6 9. Nbd2 Qc7 10. Qc2 h6 11. Bxf6 gxf6 12. c4 dxc4 13. Bxc4 Rg8 14. Rac1 Bh3
15. Nh4 O-O-O 16. Ndf3 Bf4 17. Rcd1 Rg7 18. Kh1 Bg4 19. Qe4 Rdg8 20. d5 f5 21.
Qd3 Ne5 22. Nxe5 Bxd1 23. d6 Qd8 24. d7+ Kb8 25. Rxd1 Bxe5 26. g3 f4 27. Qe4
Bc7 28. Be2 fxg3 29. Bf3 g2+ 30. Nxg2 1-0

[Event "XII Weekend A"]
[Site "Nichelino ITA"]
[Date "2011.10.07"]
[Round "2"]
[White "Bisi, Riccardo"]
[Black "Biancotti, Alessandro"]
[Result "1-0"]
[WhiteElo "1704"]
[BlackElo "1906"]
[PlyCount "67"]
[EventDate "2011.10.06"]

1. e4 c5 2. Nf3 d6 3. d4 cxd4 4. Nxd4 Nf6 5. Nc3 g6 6. Be3 Bg7 7. f3 O-O 8. Qd2
Nc6 9. g4 Nxd4 10. Bxd4 Be6 11. O-O-O Qa5 12. Kb1 Rfe8 13. h4 Rac8 14. a3 h5
15. gxh5 Nxh5 16. Bxg7 Kxg7 17. Bh3 Bxh3 18. Rxh3 b5 19. Qg5 Rc5 20. Qd2 b4 21.
Qd4+ Re5 22. axb4 Qa6 23. Nd5 Qe2 24. f4 Nxf4 25. Nxf4 Qg4 26. Rf1 f6 27. Rhh1
Rb5 28. Rhg1 Qd7 29. Rxg6+ Kf7 30. Rfg1 Rh8 31. Qc4+ e6 32. Nxe6 Rc8 33. Nc7+
d5 34. Rg7+ 1-0

[Event "XII Weekend A"]
[Site "Nichelino ITA"]
[Date "2011.10.07"]
[Round "2"]
[White "Bisi, Samuele"]
[Black "Gallucci, Alessio"]
[Result "0-1"]
[WhiteElo "1998"]
[BlackElo "2227"]
[PlyCount "88"]
[EventDate "2011.10.06"]

1. d4 Nf6 2. c4 e6 3. Nf3 Bb4+ 4. Bd2 Be7 5. Nc3 d5 6. Bg5 O-O 7. cxd5 exd5 8.
Qc2 Bg4 9. e3 Nbd7 10. Bd3 c6 11. Ne5 h6 12. h3 Be6 13. Bf4 a6 14. O-O Re8 15.
Rab1 c5 16. Nxd7 Nxd7 17. dxc5 Nxc5 18. Be2 Rc8 19. Rfd1 Ne4 20. Qb3 Nxc3 21.
bxc3 b5 22. Be5 Bd6 23. Bxd6 Qxd6 24. a4 Qe7 25. Rd4 Rc5 26. axb5 axb5 27. Bxb5
Rb8 28. Qa3 Bf5 29. Rb3 Qc7 30. c4 Be6 31. g3 dxc4 32. Bxc4 Rxc4 33. Rxc4 Rxb3
34. Qxb3 Qxc4 35. Qxc4 Bxc4 36. Kg2 f6 37. Kf3 Kf7 38. Kf4 g5+ 39. Ke4 Ke6 40.
f4 Bf1 41. fxg5 fxg5 42. h4 Bg2+ 43. Kd3 gxh4 44. gxh4 Kf5 0-1

[Event "XII Weekend A"]
[Site "Nichelino ITA"]
[Date "2011.10.07"]
[Round "2"]
[White "Calzolari, Marco"]
[Black "Negro, Francesco P."]
[Result "0-1"]
[WhiteElo "1711"]
[BlackElo "1823"]
[PlyCount "126"]
[EventDate "2011.10.06"]

1. d4 f5 2. Nf3 Nf6 3. c4 g6 4. Nc3 Bg7 5. e3 O-O 6. Bd3 d6 7. O-O Qe8 8. Re1
h6 9. Qc2 Nc6 10. a3 Qf7 11. b4 Bd7 12. Bb2 e6 13. e4 fxe4 14. Nxe4 Ne7 15.
Nxf6+ Bxf6 16. Re3 Nf5 17. Bxf5 exf5 18. Rae1 Rae8 19. d5 Rxe3 20. Rxe3 Re8 21.
Rxe8+ Bxe8 22. Nd4 Bd7 23. Qd2 Qe7 24. Nf3 Bxb2 25. Qxb2 Qe4 26. Qc1 g5 27. h3
f4 28. Nd2 Qe5 29. Kf1 Bf5 30. Kg1 Kf7 31. Nf3 Qe4 32. Qc3 g4 33. hxg4 Bxg4 34.
a4 Bxf3 35. gxf3 Qg6+ 36. Kh2 Qf6 37. Qe1 b6 38. Qe4 Qg6 39. Qxf4+ Qf6 40.
Qxf6+ Kxf6 41. f4 Kf5 42. Kg3 h5 43. Kh4 Kxf4 44. Kxh5 Kf3 45. Kg5 Kxf2 46. Kf4
Ke2 47. Ke4 Kd2 48. Kd4 Kc2 49. a5 Kb3 50. axb6 axb6 51. b5 Kc2 52. c5 bxc5+
53. Kc4 Kd2 54. b6 cxb6 55. Kb5 Kd3 56. Kxb6 c4 57. Kc6 c3 58. Kxd6 c2 59. Kd7
c1=Q 60. d6 Qc5 61. Ke7 Kd4 62. Ke6 Qe5+ 63. Kd7 Kd5 0-1

[Event "XII Weekend A"]
[Site "Nichelino ITA"]
[Date "2011.10.07"]
[Round "2"]
[White "Cirrincione Paze', Paolo"]
[Black "Marguati, Massimiano"]
[Result "0-1"]
[WhiteElo "1826"]
[BlackElo "1947"]
[PlyCount "90"]
[EventDate "2011.10.06"]

1. d4 e6 2. Bf4 Nf6 3. e3 b6 4. Nf3 Bb7 5. Bd3 Be7 6. h3 O-O 7. O-O d6 8. Qe2
Nbd7 9. Nbd2 Nd5 10. Bg3 Nb4 11. c3 Nxd3 12. Qxd3 f5 13. c4 c5 14. dxc5 Nxc5
15. Qc2 Qe8 16. Nd4 Rf6 17. b4 Ne4 18. Nxe4 Bxe4 19. Qe2 a6 20. f3 Bb7 21. Bh4
Rh6 22. Bxe7 Qxe7 23. Rfd1 Qg5 24. Kh2 f4 25. e4 Qg3+ 26. Kh1 Rg6 27. Rd2 Qh4
28. Rad1 Rd8 29. Nb3 Qe7 30. Qf2 Qc7 31. c5 bxc5 32. Nxc5 Bc8 33. Rd3 Qb6 34.
Qd2 e5 35. Qc3 Rf6 36. a3 h5 37. Qc4+ Kh7 38. Na4 Qa7 39. Nc3 Rg6 40. Nd5 Qf2
41. R3d2 Qh4 42. Qc7 Bxh3 43. Ne7 Bxg2+ 44. Kg1 Bxf3+ 45. Kf1 Qh3+ 0-1